000 00496nam a2200205Ia 4500
003 OSt
005 20220603110952.0
008 210210b1998 xxu||||| |||| 00| 0 eng d
040 _cAL
041 _aeng
082 _a539 BEIC
100 _aBEISER (Arthur).
_940286
245 _aConcepts of modern physics
250 _a5
260 _aN D
_bTata McGraw-Hill Publishing Company Ltd.
_c1998
300 _axvi,534
690 _aModern Physics
_940287
906 _a054652
942 _2ddc
_cBK
999 _c102326
_d102326